000 00437nam a2200181Ia 4500
003 GCL
008 140319s9999 xx 000 0 eng d
040 _aGCL /
_cGCL
082 0 4 _a005.3
_bP T
100 1 _aPARKER, TIMOTHY
245 1 0 _aTCP \ IP UNLEASHED /
_cPARKER, TIMOTHY
260 _a[S.N] :
_bSAMS ،
_c1996
300 _a840 P
650 0 4 _aشعر الحرب
650 0 4 _aPROGRAMMING
650 0 4 _aT C P
942 _2ddc
_cBK
999 _c13700
_d13700